Normal view
MARC view
Entry Personal Name
001 - CONTROL NUMBER
- control field: 38224
003 - CONTROL NUMBER IDENTIFIER
- control field: OSt
005 - DATE AND TIME OF LATEST TRANSACTION
- control field: 20211105154420.0
008 - FIXED-LENGTH DATA ELEMENTS
- fixed length control field: 211105|| aca||aabn | a|a d
040 ## - CATALOGING SOURCE
- Original cataloging agency: OSt
- Transcribing agency: OSt
100 ## - HEADING--PERSONAL NAME
- Personal name: Corbard, T
670 ## - SOURCE DATA FOUND
- Source citation: Work cat.: (OSt): Faurobert, M., ed. 38223, 4th French-Chinese Meeting on Solar Physics - Understanding Solar Activity: Advances and Challenges, 2012